000 00702nam a2200277Ia 4500
005 20260320195829.0
008 008 262003s9999 xx 000 0 hin d
020 _a9788126704354
037 _aEBOOK
040 _aCRL
040 _bhin
040 _cCRL
041 _2hin
041 _ahin
084 _qCRL
100 _aरामविलास शर्मा
_91133246
245 0 _aनिराला की साहित्य साधना : खंड 1
250 _a11th
260 _bRajkamal
260 _c1972
300 _a1640
856 _uhttps://ebook.indiaread.in/pdfs/9788126704354.pdf
942 _cEBOOK
999 _c1716731
_d1716731